01235cam a22003254a 450000100090000000300040000900500170001300800410003001000170007102000150008802000180010304000180012104200080013905000210014708200170016810000370018524501320022226000590035430000340041350000500044750400510049765000200054865000290056865000160059770000580061390600450067194200400071695201360075699900170089214288998OSt20230902112127.0060306s2006 enka b 001 0 eng  a 2006040926 a1845425103 a9781845425104 aDLCcDLCdDLC apcc00aHB172b.K38 200600a338.5bKAT/I1 aKatzner, Donald W.,d1938-9939013aAn introduction to the economic theory of market behavior :bmicroeconomics from a Walrasian perspective /cDonald W. Katzner. aCheltenham, UK ;aNorthampton, MA :bE. Elgar,cc2006. axix, 701 p. :bill. ;c24 cm. aRev. ed. of: Walrasian microeconomics. c1988. aIncludes bibliographical references and index. 0aMicroeconomics. 0aEconomics, Mathematical. 0aCapitalism.1 aKatzner, Donald W.,d1938-tWalrasian microeconomics. a7bcbccorignewd1eocipf20gy-gencatlg 2ddccBKh338.5iKAT/Ik338.5mKAT/I 00102ddc40708PRODUCTIONaMESbMEScECO d2023-09-02l0o338.5 KAT/Ip42272r2023-09-02 11:22:13v7148.98w2023-09-02yBKzGL7R4 c42054d42054